Thành lập và hoạt động đại lý thuế theo pháp luật Việt Nam : Luận văn Thạc sĩ Luật học. Chuyên ngành Luật kinh tế
Làm rõ quy định của pháp luật Việt Nam và thực tiễn về thành lập, hoạt động của đại lý thuế hiện nay. Đồng thời tìm hiểu các kinh nghiệm của nước ngoài về đại lý thuế. Qua đó, phát hiện hạn chế của quy định pháp luật để đề ra được...
保存先:
| 第一著者: | |
|---|---|
| フォーマット: | 図書 |
| 言語: | Undetermined |
| 出版事項: |
Cần Thơ
Trường Đại học Cần Thơ
2017
|
| 主題: | |
| タグ: |
タグ追加
タグなし, このレコードへの初めてのタグを付けませんか!
|
| Thư viện lưu trữ: | Trung tâm Học liệu Trường Đại học Cần Thơ |
|---|
| LEADER | 01336nam a2200241Ia 4500 | ||
|---|---|---|---|
| 001 | CTU_221455 | ||
| 008 | 210402s9999 xx 000 0 und d | ||
| 082 | |a 343.59704 | ||
| 082 | |b H401 | ||
| 088 | |a 60380107 | ||
| 100 | |a Trịnh, Thị Hoa | ||
| 245 | 0 | |a Thành lập và hoạt động đại lý thuế theo pháp luật Việt Nam : | |
| 245 | 0 | |b Luận văn Thạc sĩ Luật học. Chuyên ngành Luật kinh tế | |
| 245 | 0 | |c Trịnh Thị Hoa ; Lê Thị Nguyệt Châu (Cán bộ hướng dẫn) | |
| 260 | |a Cần Thơ | ||
| 260 | |b Trường Đại học Cần Thơ | ||
| 260 | |c 2017 | ||
| 520 | |a Làm rõ quy định của pháp luật Việt Nam và thực tiễn về thành lập, hoạt động của đại lý thuế hiện nay. Đồng thời tìm hiểu các kinh nghiệm của nước ngoài về đại lý thuế. Qua đó, phát hiện hạn chế của quy định pháp luật để đề ra được những giải pháp hiệu quả. | ||
| 650 | |a Tax,Thuế | ||
| 650 | |x Law and legislation,Luật và các văn bản quy phạm pháp luật | ||
| 650 | |z Vietnam,Việt Nam | ||
| 904 | |i Nghị, My,Hải | ||
| 980 | |a Trung tâm Học liệu Trường Đại học Cần Thơ | ||